[Event "20th HZ Open 2016"]
[Site "Vlissingen NED"]
[Date "2016.08.06"]
[Round "1.39"]
[White "De Jong, Migchiel"]
[Black "Van de Griend, Johan"]
[Result "1-0"]
[WhiteTitle "IM"]
[WhiteElo "2342"]
[BlackElo "1843"]
[WhiteFideId "1002848"]
[BlackFideId "1028936"]
[EventDate "2016.08.06"]

1. e4 e5 2. Nf3 Nc6 3. Bb5 a6 4. Ba4 Nf6 5. O-O Nxe4 6. d4 b5 7. Bb3 d5 8. dxe5
Be6 9. Nbd2 Nc5 10. c3 Nxb3 11. Nxb3 Be7 12. h3 O-O 13. Be3 Re8 14. Bc5 Bxc5 15.
Nxc5 Bf5 16. Nd4 Nxd4 17. cxd4 f6 18. Qf3 Be4 19. Nxe4 dxe4 20. Qxe4 fxe5 21.
dxe5 Qe7 22. f4 c5 23. Rad1 c4 24. Rd5 Rad8 25. f5 Qb7 26. Rfd1 Qb6+ 27. Kh2 Qb8
28. Kh1 Kf8 29. f6 Rxd5 30. Rxd5 1-0

[Event "20th HZ Open 2016"]
[Site "Vlissingen NED"]
[Date "2016.08.06"]
[Round "1.41"]
[White "Enserink, Henk"]
[Black "Peek, Marcel"]
[Result "0-1"]
[BlackTitle "IM"]
[WhiteElo "1838"]
[BlackElo "2325"]
[WhiteFideId "1017411"]
[BlackFideId "1000462"]
[EventDate "2016.08.06"]

1. e4 c5 2. Nf3 Nc6 3. Bc4 e6 4. a3 d5 5. exd5 exd5 6. Qe2+ Be7 7. Bb5 Nf6 8.
O-O O-O 9. Bxc6 bxc6 10. d4 Re8 11. h3 Qb6 12. dxc5 Bxc5 13. Qd1 Ne4 14. b4
Bxf2+ 15. Kh2 Qc7+ 0-1

[Event "20th HZ Open 2016"]
[Site "Vlissingen NED"]
[Date "2016.08.06"]
[Round "1.42"]
[White "Breukelman, Jan"]
[Black "Bandsma, Arend"]
[Result "1-0"]
[WhiteTitle "FM"]
[WhiteElo "2325"]
[BlackElo "1834"]
[WhiteFideId "1015583"]
[BlackFideId "1016121"]
[EventDate "2016.08.06"]

1. d4 e6 2. c4 f5 3. g3 Nf6 4. Bg2 Be7 5. Nf3 O-O 6. d5 Qe8 7. Nc3 Bb4 8. Bd2
Bxc3 9. Bxc3 d6 10. dxe6 Qxe6 11. Ng5 Qe7 12. h4 Nbd7 13. Bd5+ Nxd5 14. Qxd5+
Kh8 15. Qe6 Qe8 16. Qh6 Qg6 17. Qxg6 hxg6 18. h5 gxh5 19. Rxh5+ Kg8 20. f3 Nf6
21. Rh2 Re8 22. Kd2 Kf8 23. Bxf6 gxf6 24. Rh8+ Ke7 25. Rh7+ Kf8 26. Rf7+ Kg8 27.
Rxf6 Kg7 28. Rf7+ Kg6 29. f4 Be6 30. Rxc7 Bxc4 1-0

[Event "20th HZ Open 2016"]
[Site "Vlissingen NED"]
[Date "2016.08.06"]
[Round "1.43"]
[White "Freer, Rob"]
[Black "Bezemer, Arno"]
[Result "0-1"]
[BlackTitle "FM"]
[WhiteElo "1834"]
[BlackElo "2315"]
[WhiteFideId "1020463"]
[BlackFideId "1001396"]
[EventDate "2016.08.06"]

1. e4 Nf6 2. Nc3 d5 3. e5 Ne4 4. Nce2 d4 5. c3 Nc6 6. cxd4 Ng5 7. d3 Ne6 8. Nf3
Nexd4 9. Nexd4 Nxd4 10. Qa4+ Nc6 11. Be2 Bf5 12. O-O e6 13. Nh4 Qd4 14. Qb5 Qb4
15. d4 Qxb5 16. Bxb5 Be4 17. g3 Be7 18. Ng2 O-O-O 19. Bxc6 Bxc6 20. Be3 Kb8 21.
Rac1 Bd5 22. a3 Rd7 23. Rc3 c6 24. Nf4 Bd8 25. f3 Bb6 26. Kf2 f6 27. Rd1 Rf8 28.
Rdc1 g5 29. Nd3 f5 30. Nc5 Rg7 31. f4 g4 32. Ke2 h5 33. Bf2 Rh8 34. Rg1 Bd8 35.
b4 h4 36. a4 hxg3 37. hxg3 Rgh7 38. a5 b6 39. axb6 axb6 40. Na6+ Kb7 41. Ra3
Bc4+ 42. Ke3 Rh1 43. b5 Bxb5 44. Nb4 Rxg1 45. Bxg1 Be7 46. Rb3 Ra8 47. d5 Bc5+ 0-1

[Event "20th HZ Open 2016"]
[Site "Vlissingen NED"]
[Date "2016.08.06"]
[Round "1.44"]
[White "Hamblok, Roel"]
[Black "Klein, Jorik"]
[Result "1-0"]
[WhiteTitle "FM"]
[WhiteElo "2308"]
[BlackElo "1833"]
[WhiteFideId "209317"]
[BlackFideId "1039814"]
[EventDate "2016.08.06"]

1. c4 Nf6 2. g3 g6 3. Bg2 Bg7 4. Nc3 O-O 5. d3 d6 6. Rb1 c6 7. e4 e5 8. Nge2 Nh5
9. O-O f5 10. exf5 Bxf5 11. h3 Be6 12. Ne4 Kh8 13. b4 Qc7 14. b5 Nf6 15. N2c3
Bf5 16. Ba3 Rd8 17. Qb3 a6 18. bxc6 bxc6 19. Bxd6 Qb7 20. Ng5 Qd7 21. c5 1-0

[Event "20th HZ Open 2016"]
[Site "Vlissingen NED"]
[Date "2016.08.06"]
[Round "1.45"]
[White "Jiang, Zhaoyi"]
[Black "Amdouni, Zoubaier"]
[Result "1/2-1/2"]
[WhiteTitle "WCM"]
[BlackTitle "FM"]
[WhiteElo "1831"]
[BlackElo "2306"]
[WhiteFideId "8611050"]
[BlackFideId "5500419"]
[EventDate "2016.08.06"]

1. d4 d5 2. Nf3 Nf6 3. g3 Bf5 4. Bg2 e6 5. O-O Nbd7 6. c4 c6 7. b3 Bd6 8. Bb2
O-O 9. Nbd2 h6 10. Re1 Bh7 11. e3 Qc7 12. Rc1 Rad8 13. cxd5 exd5 14. a3 a5 15.
Nb1 Nb6 16. Ne5 a4 17. Nd2 Ne4 18. Nxe4 dxe4 19. Nc4 axb3 20. Qxb3 Nd5 21. Nxd6
Rxd6 22. a4 Ra8 23. Ba3 Rd7 24. Bh3 f5 25. Rc5 Qb6 26. Qc2 Kh8 27. Rb1 Qd8 28.
Bc1 Rf7 29. Bd2 Qf6 30. a5 f4 31. Rf1 fxe3 32. fxe3 Qe7 33. Qb1 Raf8 34. Rcc1
Rf3 35. Rce1 Qg5 36. Bg2 Rxf1+ 37. Rxf1 Rxf1+ 38. Qxf1 Qe7 39. Qb1 Bf5 40. Bf1
Bc8 41. Bg2 Nf6 42. Qb6 Qe6 43. Qb1 Qd5 44. Qb4 Qh5 45. Qf8+ Kh7 46. Qxc8 Qd1+
47. Bf1 Qxd2 48. Qf5+ Kh8 49. Qc8+ Ng8 50. Qxb7 Qxe3+ 51. Kg2 Qd2+ 52. Kh1 Qxa5
53. Qxc6 Qf5 54. Bc4 Nf6 55. Be2 Kh7 56. Kg1 Nd5 57. Qc1 Qf6 58. Qd2 e3 59. Bd3+
g6 60. Qb2 h5 61. Qb7+ Ne7 62. Qe4 Qf2+ 63. Kh1 Nf5 64. d5 Qb2 65. d6 Qg7 66.
Qe6 e2 67. Bxe2 Qb7+ 68. Kg1 Qb6+ 69. Kg2 Qc6+ 70. Kh3 Qxd6 71. Qxd6 Nxd6 72. g4
hxg4+ 73. Kxg4 Kh6 74. Bd3 Nf7 75. Bxg6 Ne5+ 1/2-1/2

[Event "20th HZ Open 2016"]
[Site "Vlissingen NED"]
[Date "2016.08.06"]
[Round "1.46"]
[White "Nagtegaal, Kees"]
[Black "Koes, Richard"]
[Result "1-0"]
[WhiteTitle "FM"]
[WhiteElo "2306"]
[BlackElo "1829"]
[WhiteFideId "1012886"]
[BlackFideId "1020528"]
[EventDate "2016.08.06"]

1. e4 e5 2. Nf3 Nc6 3. Bb5 Nf6 4. d3 Bc5 5. Qe2 Nd4 6. Nxd4 Bxd4 7. c3 Bb6 8.
Bg5 c6 9. Ba4 h6 10. Bh4 g5 11. Bg3 d6 12. Nd2 h5 13. h4 g4 14. O-O-O Qe7 15. d4
Bc7 16. f4 gxf3 17. gxf3 b5 18. Bc2 a5 19. Bf2 Ba6 20. Be3 a4 21. Qf2 Nd7 22.
Nf1 b4 23. cxb4 Bc4 24. a3 Qe6 25. Ng3 Bb3 26. d5 cxd5 27. exd5 Qf6 28. Ne4 Qe7
29. Rd3 Rc8 30. Rc3 Qd8 31. Rg1 Bb8 32. Kb1 Rxc3 33. bxc3 Qc7 34. Bxb3 axb3 35.
Kb2 Qc4 36. Rd1 Ke7 37. Qf1 Nb6 38. Bxb6 1-0

[Event "20th HZ Open 2016"]
[Site "Vlissingen NED"]
[Date "2016.08.06"]
[Round "1.47"]
[White "Leentjens, Gilbert"]
[Black "Lammens, Tim"]
[Result "0-1"]
[BlackTitle "FM"]
[WhiteElo "1829"]
[BlackElo "2305"]
[WhiteFideId "1019988"]
[BlackFideId "1008803"]
[EventDate "2016.08.06"]

1. e4 e5 2. Nc3 Nc6 3. Bc4 Nf6 4. d3 Na5 5. Nf3 d6 6. h3 Be7 7. a3 Nxc4 8. dxc4
O-O 9. Qd3 h6 10. Be3 c6 11. c5 Qc7 12. cxd6 Bxd6 13. O-O Be6 14. Ne2 b5 15. b3
Rfd8 16. c4 a5 17. Qc2 a4 18. c5 Be7 19. b4 Bc4 20. Rfe1 Bd3 21. Qb2 Nxe4 22.
Nxe5 Bf6 23. Bf4 Qc8 24. Ng3 Nxg3 25. Bxg3 Bc4 26. Qc2 Bd5 27. Re2 h5 28. Rae1
Kh8 29. Qb1 Kg8 30. Qc2 Ra7 31. Bh2 Re7 32. Bg3 Rde8 33. Qd3 g6 34. Qc2 Re6 35.
Qd3 Bg7 36. Qc2 R8e7 37. Bh4 Re8 38. Bg3 Qd8 39. Qd3 Qe7 40. Nf3 Rxe2 0-1

[Event "20th HZ Open 2016"]
[Site "Vlissingen NED"]
[Date "2016.08.06"]
[Round "1.48"]
[White "Hummel, Erik-Jan"]
[Black "Vermue, Albert"]
[Result "1-0"]
[WhiteTitle "FM"]
[WhiteElo "2294"]
[BlackElo "1826"]
[WhiteFideId "1009028"]
[BlackFideId "1026968"]
[EventDate "2016.08.06"]

1. d4 d5 2. c4 e5 3. dxe5 d4 4. Nf3 Nc6 5. a3 Nge7 6. b4 Bg4 7. Bb2 Nf5 8. Nbd2
Qe7 9. Qc2 g6 10. Qe4 Bxf3 11. Nxf3 f6 12. b5 Nd6 13. Qh4 Nf5 14. Qxf6 Qxf6 15.
exf6 Na5 16. e4 1-0

[Event "20th HZ Open 2016"]
[Site "Vlissingen NED"]
[Date "2016.08.06"]
[Round "1.49"]
[White "Timmermans, Adri"]
[Black "Brink, Barry"]
[Result "0-1"]
[BlackTitle "FM"]
[WhiteElo "1824"]
[BlackElo "2293"]
[WhiteFideId "1026380"]
[BlackFideId "1009451"]
[EventDate "2016.08.06"]

1. e4 c5 2. Nf3 e6 3. d4 cxd4 4. Nxd4 Nc6 5. Nc3 Qc7 6. Be3 Nf6 7. f3 a6 8. Qd2
b5 9. g4 h6 10. O-O-O Bb7 11. Qf2 b4 12. Na4 d5 13. Nxc6 Bxc6 14. Nb6 Rb8 15.
exd5 Nxd5 16. Nxd5 Bxd5 17. Kb1 Qc6 18. Bg2 Be7 19. Bd4 O-O 20. h4 Rfc8 21. Rd2
Rb5 22. f4 a5 23. g5 h5 24. Rhd1 Bxg2 25. Qxg2 Qxg2 26. Rxg2 Rd5 27. Rgd2 Rcd8
28. Be3 Rxd2 29. Rxd2 Rxd2 30. Bxd2 Kh7 31. Kc1 Kg6 32. Kd1 Kf5 33. Ke2 Kg4 34.
Ke3 Bc5+ 35. Ke4 Bf2 36. c4 bxc3 37. Bxc3 Bxh4 38. Bxa5 Bf2 39. Bc7 h4 40. a4 h3 0-1

[Event "20th HZ Open 2016"]
[Site "Vlissingen NED"]
[Date "2016.08.06"]
[Round "1.50"]
[White "Saravanan, V."]
[Black "Bosboom, Ardin"]
[Result "1-0"]
[WhiteTitle "IM"]
[WhiteElo "2281"]
[BlackElo "1821"]
[WhiteFideId "5000580"]
[BlackFideId "1046454"]
[EventDate "2016.08.06"]

1. Nf3 g6 2. c4 Bg7 3. e4 d6 4. d4 e5 5. Be3 Bg4 6. d5 Ne7 7. Be2 Bxf3 8. Bxf3
f5 9. Nc3 Nd7 10. h4 h6 11. Qc2 f4 12. Bd2 Nf6 13. g3 g5 14. gxf4 exf4 15. O-O-O
Ng6 16. hxg5 hxg5 17. Rxh8+ Bxh8 18. Rh1 Bg7 19. Qd1 Ne5 20. Bh5+ Kd7 21. Qg1
Nxh5 22. Rxh5 Bf6 23. Rh7+ Kc8 24. Nb5 Qg8 25. Qh2 Qg6 26. Rxc7+ Kd8 27. Qh7
Qxh7 28. Rxh7 Nd3+ 29. Kc2 Nxf2 30. Nxd6 Rb8 31. e5 Be7 32. Rh8+ 1-0

[Event "20th HZ Open 2016"]
[Site "Vlissingen NED"]
[Date "2016.08.07"]
[Round "2.13"]
[White "Stany, G.A."]
[Black "Goormachtigh, Johan"]
[Result "1-0"]
[WhiteTitle "IM"]
[BlackTitle "FM"]
[WhiteElo "2476"]
[BlackElo "2171"]
[WhiteFideId "5029104"]
[BlackFideId "200280"]
[EventDate "2016.08.06"]

1. e4 c5 2. Nf3 e6 3. d4 cxd4 4. Nxd4 Nc6 5. Nc3 Qc7 6. Be3 a6 7. Be2 Nf6 8. O-O
Bb4 9. Na4 O-O 10. Nxc6 bxc6 11. f4 d5 12. e5 Nd7 13. c4 Be7 14. Rc1 Qb8 15. Bd3
g6 16. cxd5 cxd5 17. Rc3 Bb7 18. Qb3 Rc8 19. Rfc1 Rxc3 20. Rxc3 Bd8 21. Qc2 Ba5
22. b4 Bd8 23. a3 Bc8 24. Kf1 Bb7 25. Bd4 Bc8 26. g3 Bb7 27. h4 Bc8 28. h5 Kg7
29. hxg6 hxg6 30. Rc6 Bb7 31. Rc3 Bc8 32. g4 Bb7 33. g5 Bc8 34. Qh2 Nb6 35. Qh6+
Kg8 36. Bxg6 1-0

[Event "20th HZ Open 2016"]
[Site "Vlissingen NED"]
[Date "2016.08.07"]
[Round "2.14"]
[White "Beukema, Jasper"]
[Black "Liang, Awonder"]
[Result "0-1"]
[BlackTitle "IM"]
[WhiteElo "2170"]
[BlackElo "2465"]
[WhiteFideId "1032984"]
[BlackFideId "2056437"]
[EventDate "2016.08.06"]

1. e4 c5 2. Be2 Nc6 3. f4 g6 4. Nf3 Bg7 5. O-O d6 6. d3 e6 7. Qe1 Nge7 8. c3 O-O
9. Qh4 f5 10. Na3 Rb8 11. Nc2 b5 12. a3 a5 13. Be3 b4 14. axb4 axb4 15. e5 Nd5
16. Qxd8 Rxd8 17. d4 b3 18. c4 Nxe3 19. Nxe3 cxd4 20. Nd1 d3 21. Bxd3 dxe5 22.
Bb1 e4 23. Ne5 Nxe5 24. fxe5 Bxe5 25. Re1 Rd2 26. Ra5 Bd4+ 27. Kf1 e5 0-1

[Event "20th HZ Open 2016"]
[Site "Vlissingen NED"]
[Date "2016.08.07"]
[Round "2.15"]
[White "Debashis, Das"]
[Black "Go, Benjamin"]
[Result "1-0"]
[WhiteTitle "GM"]
[WhiteElo "2459"]
[BlackElo "2170"]
[WhiteFideId "5024854"]
[BlackFideId "1014560"]
[EventDate "2016.08.06"]

1. d4 Nf6 2. c4 c6 3. Nf3 d5 4. Nc3 dxc4 5. a4 Bf5 6. Ne5 Nbd7 7. Nxc4 Nb6 8.
Ne3 Be6 9. a5 Nc4 10. Nxc4 Bxc4 11. g3 e6 12. Bg2 Qd7 13. O-O Rd8 14. Qa4 Ba6
15. Rd1 Nd5 16. e4 Nb4 17. Be3 Bd3 18. Rd2 f5 19. Re1 Be7 20. Qd1 fxe4 21. Qh5+
g6 22. Qe5 O-O 23. Bh3 Rf5 24. Bxf5 exf5 25. d5 Nxd5 26. Nxd5 Qxd5 27. Qxe7 1-0

[Event "20th HZ Open 2016"]
[Site "Vlissingen NED"]
[Date "2016.08.07"]
[Round "2.16"]
[White "Krause, Thomas"]
[Black "Wan, Yunguo"]
[Result "0-1"]
[BlackTitle "GM"]
[WhiteElo "2157"]
[BlackElo "2458"]
[WhiteFideId "4696670"]
[BlackFideId "8603189"]
[EventDate "2016.08.06"]

1. d4 Nf6 2. c4 g6 3. Nc3 Bg7 4. e4 d6 5. Be2 O-O 6. Be3 Na6 7. h3 e5 8. dxe5
dxe5 9. Nf3 Qe7 10. O-O c6 11. Qc2 Nh5 12. Rfd1 f5 13. exf5 gxf5 14. Bg5 Qf7 15.
Qc1 Re8 16. Bh6 Qg6 17. Bxg7 Nf4 18. Bf1 Qxg7 19. Kh2 Nc7 20. Qe3 Ng6 21. Rd2 e4
22. Ng1 f4 23. Qd4 Qe7 24. Re1 Bf5 25. Qd6 Qf7 26. Rde2 Rad8 27. Qc5 Ne6 28.
Qxa7 Qc7 29. Rxe4 Bxe4 30. Nxe4 Kh8 31. Qa3 Nd4 32. c5 Qg7 33. Qc3 Nh4 34. g3
Ndf3+ 35. Nxf3 Qxc3 0-1

[Event "20th HZ Open 2016"]
[Site "Vlissingen NED"]
[Date "2016.08.07"]
[Round "2.17"]
[White "Admiraal, Miguoel"]
[Black "Yuan, Ye"]
[Result "0-1"]
[WhiteTitle "IM"]
[WhiteElo "2458"]
[BlackElo "2166"]
[WhiteFideId "1019716"]
[BlackFideId "8608415"]
[EventDate "2016.08.06"]

1. e4 c5 2. Nf3 e6 3. d4 cxd4 4. Nxd4 Nc6 5. Nc3 Qc7 6. Qd3 a6 7. Nxc6 bxc6 8.
Qg3 Qxg3 9. hxg3 d5 10. Bf4 Bb4 11. O-O-O Bxc3 12. bxc3 dxe4 13. Be2 Ne7 14. Be5
f6 15. Bh5+ g6 16. Bxf6 Rf8 17. Bxe7 Kxe7 18. Be2 h5 19. Rdf1 e5 20. Rh4 Bf5 21.
Kd2 Rfd8+ 22. Ke3 Rab8 23. g4 hxg4 24. Bxa6 Rb2 25. Rh7+ Kf6 26. Rc1 Rxa2 27.
Bc4 Ra5 28. Bb3 Rc5 29. c4 Be6 30. Kxe4 Bxc4 31. Bxc4 Rd4+ 32. Ke3 Rdxc4 33. Kd3
g3 34. fxg3 Rc3+ 35. Kd2 Rxg3 36. Rf1+ Kg5 37. Rf2 Rgc3 38. Kd1 e4 39. Re7 e3
40. Re2 Kf4 41. Kc1 Re5 42. Rf7+ Ke4 43. Kb2 Rcc5 44. Rf1 Rb5+ 45. Kc1 Rec5 46.
Rf6 Rf5 47. Re6+ Rbe5 48. Rxc6 Rf1+ 49. Kb2 Rf2 50. Re1 e2 51. Rd6 Rxg2 52. Kc3
Ke3 53. Rd3+ Kf2 54. Kd2 Rg4 55. Rd6 g5 56. c3 Rf4 0-1

[Event "20th HZ Open 2016"]
[Site "Vlissingen NED"]
[Date "2016.08.07"]
[Round "2.18"]
[White "De Wilde, Rik"]
[Black "Rathnakaran, K."]
[Result "0-1"]
[BlackTitle "IM"]
[WhiteElo "2153"]
[BlackElo "2452"]
[WhiteFideId "1024337"]
[BlackFideId "5005507"]
[EventDate "2016.08.06"]

1. e4 c5 2. Nf3 Nc6 3. d4 cxd4 4. Nxd4 e6 5. Nxc6 bxc6 6. Bd3 Nf6 7. Qe2 d5 8.
Nd2 Qc7 9. b3 Bd6 10. Bb2 Be5 11. Bxe5 Qxe5 12. O-O O-O 13. Rfe1 a5 14. a4 Bb7
15. Qe3 Ng4 16. Qh3 f5 17. exf5 Qd4 18. fxe6 Qxf2+ 19. Kh1 Qxe1+ 0-1

[Event "20th HZ Open 2016"]
[Site "Vlissingen NED"]
[Date "2016.08.07"]
[Round "2.19"]
[White "Venkatesh, M.R."]
[Black "Franssen, Jeroen"]
[Result "1/2-1/2"]
[WhiteTitle "GM"]
[WhiteElo "2450"]
[BlackElo "2156"]
[WhiteFideId "5005779"]
[BlackFideId "1032410"]
[EventDate "2016.08.06"]

1. Nf3 d5 2. g3 Nf6 3. Bg2 g6 4. O-O Bg7 5. d3 O-O 6. Nbd2 c5 7. e4 d4 8. h3 Nc6
9. e5 Nd5 10. Re1 h6 11. Ne4 b6 12. Bd2 Be6 13. Qc1 Kh7 14. a3 Qd7 15. g4 f5 16.
exf6 exf6 17. Bf4 Rae8 18. Bd6 Rf7 19. Bh2 Bf8 20. c4 dxc3 21. Nxc3 Nxc3 22.
bxc3 Bg7 23. Qd2 Rfe7 24. Re2 Bd5 25. Rae1 Rxe2 26. Rxe2 Rxe2 27. Qxe2 f5 28. c4
Bxf3 29. Qxf3 Nd4 30. Qd5 Qxd5 31. Bxd5 1/2-1/2

[Event "20th HZ Open 2016"]
[Site "Vlissingen NED"]
[Date "2016.08.07"]
[Round "2.20"]
[White "Rosmuller, Anton"]
[Black "Zelbel, Patrick"]
[Result "0-1"]
[BlackTitle "IM"]
[WhiteElo "2132"]
[BlackElo "2445"]
[WhiteFideId "1007270"]
[BlackFideId "24624322"]
[EventDate "2016.08.06"]

1. d4 Nf6 2. c4 e6 3. Nh3 c5 4. d5 exd5 5. cxd5 d6 6. g3 g6 7. f3 Bg7 8. Bg2
Bxh3 9. Bxh3 O-O 10. O-O Nbd7 11. Nc3 a6 12. a4 Rb8 13. Bf4 Qe7 14. a5 b5 15.
axb6 Rxb6 16. Bxd7 Nxd7 17. Ra2 Ne5 18. Qc1 Rfb8 19. Ne4 Rxb2 20. Rxb2 Rxb2 21.
Bg5 Qb7 22. Nf6+ Kh8 23. Qe3 Qb8 24. Rf2 Qb3 25. Qf4 Qd1+ 26. Kg2 Rxe2 27. Ne4
Rxf2+ 28. Nxf2 Qxd5 0-1

[Event "20th HZ Open 2016"]
[Site "Vlissingen NED"]
[Date "2016.08.07"]
[Round "2.21"]
[White "Beerdsen, Thomas"]
[Black "Sekandar, Kambiz"]
[Result "0-1"]
[WhiteTitle "FM"]
[WhiteElo "2424"]
[BlackElo "2129"]
[WhiteFideId "1030108"]
[BlackFideId "11700939"]
[EventDate "2016.08.06"]

1. e4 c6 2. d4 d5 3. Nd2 dxe4 4. Nxe4 Bf5 5. Ng3 Bg6 6. h4 h6 7. Nf3 Nd7 8. h5
Bh7 9. Bd3 Bxd3 10. Qxd3 e6 11. Bd2 Ngf6 12. O-O-O Be7 13. Kb1 O-O 14. Ne4 Nxe4
15. Qxe4 Nf6 16. Qe2 Qd5 17. Be3 Bd6 18. Nh4 Qxh5 19. g4 Nxg4 20. Rdg1 f5 21. f3
Nh2 22. Ng6 Qxf3 23. Rxh2 Qxe2 24. Rxe2 Rf6 25. Reg2 Kh7 26. Ne5 Rg8 27. Bf4 g5
28. Ng4 fxg4 29. Bxd6 h5 30. c3 Rf5 31. Kc2 Rd8 32. Bc7 Rc8 33. Be5 Rcf8 34. b4
Rf2+ 35. Kd3 R8f3+ 36. Ke4 Rxg2 37. Rxg2 Rxc3 38. Bb8 Kg6 39. a4 Rb3 40. Bd6 a6
41. Rg1 Ra3 42. b5 Rxa4 43. bxc6 bxc6 44. Ke5 h4 45. Rxg4 Kh5 46. Rg1 g4 47. Rh1
h3 48. Ke4 Kh4 49. Rg1 c5 50. Be7+ Kh5 51. Kf4 Rxd4+ 52. Kg3 Rd3+ 53. Kh2 Rd2+
54. Kh1 c4 55. Bf6 Rd3 56. Be5 Kg5 57. Rc1 g3 58. Rg1 Kg4 59. Rc1 h2 60. Kg2
Rd2+ 61. Kh1 c3 62. Bxg3 c2 63. Be1 Rd1 64. Rxc2 Rxe1+ 65. Kxh2 Re5 66. Rc6 a5
67. Ra6 Kf5 68. Kg2 Rb5 69. Kf2 e5 70. Ke3 Rb3+ 71. Kd2 Ra3 72. Kc2 e4 73. Kb2
Ra4 74. Kb3 Rd4 75. Rxa5+ Kf4 76. Kc3 Rd8 77. Ra7 e3 78. Rf7+ Kg3 79. Re7 Kf2
80. Rf7+ Ke1 81. Re7 e2 82. Kc2 Rc8+ 83. Kb2 Rc5 0-1

[Event "20th HZ Open 2016"]
[Site "Vlissingen NED"]
[Date "2016.08.07"]
[Round "2.22"]
[White "Nachbar, Benjamin"]
[Black "Docx, Stefan"]
[Result "0-1"]
[BlackTitle "IM"]
[WhiteElo "2124"]
[BlackElo "2420"]
[WhiteFideId "4674880"]
[BlackFideId "200778"]
[EventDate "2016.08.06"]

1. c4 e5 2. Nc3 Nf6 3. f4 exf4 4. d4 d5 5. Bxf4 Bb4 6. e3 O-O 7. Bd3 c5 8. Ne2
Be6 9. O-O dxc4 10. Bb1 cxd4 11. exd4 Nbd7 12. Bg5 Qa5 13. Bxf6 Nxf6 14. Rxf6
gxf6 15. d5 Bd7 16. Ng3 Rfe8 17. Bf5 Bxf5 18. Nxf5 Kh8 19. Qh5 Re5 20. Rf1 Bxc3
21. bxc3 Qc5+ 22. Kh1 Qxd5 0-1

[Event "20th HZ Open 2016"]
[Site "Vlissingen NED"]
[Date "2016.08.07"]
[Round "2.23"]
[White "Mu, Ke"]
[Black "Tikranian, Alik"]
[Result "1/2-1/2"]
[WhiteElo "2419"]
[BlackElo "2120"]
[WhiteFideId "8602778"]
[BlackFideId "1040952"]
[EventDate "2016.08.06"]

1. d4 d5 2. c4 c6 3. Nf3 Nf6 4. Qb3 e6 5. Bg5 Nbd7 6. Nc3 Be7 7. e3 O-O 8. Rd1
b6 9. cxd5 cxd5 10. Bd3 Bb7 11. O-O a6 12. Rc1 Rc8 13. Rc2 b5 14. Rfc1 Nb6 15.
a4 b4 16. Ne2 Nc4 17. Qa2 Ne4 18. Bxe7 Qxe7 19. b3 Ncd6 20. Rxc8 Rxc8 21. Rxc8+
Nxc8 22. Qc2 f6 23. Ne1 g6 24. f3 Ned6 25. h4 Ne8 26. Nf4 e5 27. Nxd5 Bxd5 28.
Qxc8 exd4 29. e4 Bxb3 30. Qxa6 Qc5 31. a5 Bf7 32. Qa8 b3 33. a6 Qc3 34. Kf1 b2
35. Qb8 Kg7 36. a7 Nc7 37. Qxc7 Qxc7 38. a8=Q Qb6 39. Qa4 b1=Q 40. Bxb1 Qxb1 41.
Qxd4 Qb8 42. Kg1 Qg3 43. Qf2 Qd6 44. Nc2 Be6 45. Ne3 Qd3 46. Qe1 Qd4 47. Qc1 Qd6
48. Qb2 Qg3 49. Qf2 Qd6 50. g3 Bf7 51. Qe1 Qd4 52. Kf2 Qb2+ 53. Qe2 Qb4 54. Qc2
Be6 55. Qd1 Qb2+ 56. Kg1 Qc3 57. Qe2 Qd4 58. Kg2 Qc5 59. Qd2 Qe5 60. Qb4 Bf7 61.
Ng4 Qe6 62. Qb2 h5 63. Ne3 Qa6 64. g4 hxg4 65. Nxg4 Qa2 66. Qxa2 Bxa2 67. Kg3
Bb1 68. Kf4 f5 69. Ne3 fxe4 70. fxe4 Kh6 71. e5 Ba2 72. Ng4+ Kh5 73. Kg3 g5 74.
Nf6+ Kh6 75. h5 Be6 76. Kf3 Bf5 77. Ke3 Be6 78. Ke4 Bc8 79. Kd5 g4 80. Kd4 Kg5
81. Ke3 Bf5 82. Kf2 Kf4 83. Nxg4 Kxg4 84. h6 Kg5 85. e6 Kxh6 86. e7 Bd7 87. e8=Q 1/2-1/2

[Event "20th HZ Open 2016"]
[Site "Vlissingen NED"]
[Date "2016.08.07"]
[Round "2.24"]
[White "Watzlawek, Markus"]
[Black "Sukandar, Irine Kharisma"]
[Result "0-1"]
[BlackTitle "IM"]
[WhiteElo "2109"]
[BlackElo "2418"]
[WhiteFideId "4637062"]
[BlackFideId "7101937"]
[EventDate "2016.08.06"]

1. d4 d5 2. Nf3 Nc6 3. Bf4 Bg4 4. e3 e6 5. Be2 Bd6 6. Bg3 Nf6 7. c4 O-O 8. Nc3
dxc4 9. Bxc4 Bxg3 10. hxg3 Qe7 11. a3 Rad8 12. Qc2 h6 13. O-O e5 14. d5 e4 15.
dxc6 exf3 16. cxb7 Qc5 17. Ne2 Be6 18. Nd4 Qxc4 19. Qxc4 Bxc4 20. Rfc1 Bd5 21.
Nc6 Bxc6 22. Rxc6 Rd7 23. Rac1 Rb8 24. Rxc7 Rxb7 25. Rxd7 Nxd7 26. gxf3 Rxb2 27.
Rc7 Ne5 28. f4 Ng4 29. Rxa7 Rxf2 30. e4 f6 31. a4 Re2 32. Re7 Kf8 33. Re6 Kf7
34. f5 Ne5 35. a5 Rxe4 36. a6 g6 37. Rb6 gxf5 0-1

[Event "20th HZ Open 2016"]
[Site "Vlissingen NED"]
[Date "2016.08.07"]
[Round "2.25"]
[White "Eisenbeiser, Amadeus"]
[Black "Stange, Sven"]
[Result "1-0"]
[WhiteTitle "IM"]
[WhiteElo "2416"]
[BlackElo "2110"]
[WhiteFideId "4678338"]
[BlackFideId "203890"]
[EventDate "2016.08.06"]

1. c4 Nf6 2. Nc3 e6 3. g3 d5 4. Bg2 Be7 5. Qb3 c6 6. d4 O-O 7. Nf3 a6 8. c5 Nbd7
9. Bf4 b6 10. cxb6 Qxb6 11. Qxb6 Nxb6 12. Ne5 Bb7 13. Nd3 Nfd7 14. Bc7 a5 15.
Rc1 Rfc8 16. Bxb6 Nxb6 17. Nc5 Bxc5 18. dxc5 Nd7 19. Na4 Ba6 20. b3 Rab8 21. Rc2
Rb4 22. Kd2 Rcb8 23. e3 Bb5 24. Nb2 a4 25. Rc3 a3 26. Nd1 Ba6 27. f4 f5 28. Nf2
Nf6 29. Rd1 Kf7 30. Kc2 Ke7 31. Bf3 Ne4 32. Bxe4 fxe4 33. Rd2 Ra8 34. Ng4 Bb7
35. Ne5 Ra5 36. Rd4 Rxd4 37. exd4 Rb5 38. Re3 1-0